Исследование влияния азотсодержащих соединений на переработку углеводородного сырья; Химия и химическая технология в XXI веке

Dettagli Bibliografici
Parent link:Химия и химическая технология в XXI веке.— 2019.— [С. 374-375]
Autore principale: Логачева Д. Н.
Ente Autore: Национальный исследовательский Томский политехнический университет (ТПУ)
Altri autori: Шатова Е. Н. (научный руководитель), Кривцова К. Б. Ксения Борисовна
Riassunto:Заглавие с экрана
Lingua:russo
Pubblicazione: 2019
Serie:Технология и моделирование процессов подготовки и переработки углеводородного сырья
Soggetti:
Accesso online:http://earchive.tpu.ru/handle/11683/55643
Natura: MixedMaterials Elettronico Capitolo di libro
KOHA link:https://koha.lib.tpu.ru/cgi-bin/koha/opac-detail.pl?biblionumber=629480

MARC

LEADER 00000naa2a2200000 4500
001 629480
005 20231101133549.0
035 |a (RuTPU)RU\TPU\conf\30120 
035 |a RU\TPU\conf\30115 
090 |a 629480 
100 |a 20190716d2019 k y0rusy50 ca 
101 0 |a rus 
102 |a RU 
105 |a y z 101zy 
135 |a drgn ---uucaa 
181 0 |a i  
182 0 |a b 
200 1 |a Исследование влияния азотсодержащих соединений на переработку углеводородного сырья  |f Д. Н. Логачева, Е. Н. Шатова, К. Б. Кривцова  |g науч. рук. К. Б. Кривцова 
203 |a Текст  |c электронный 
225 1 |a Технология и моделирование процессов подготовки и переработки углеводородного сырья 
230 |a 1 компьютерный файл (pdf; 648 Kb) 
300 |a Заглавие с экрана 
320 |a [Библиогр.: с. 375 (3 назв.)] 
463 0 |0 (RuTPU)RU\TPU\conf\29907  |t Химия и химическая технология в XXI веке  |o материалы XX Международной научно-практической конференции имени профессора Л. П. Кулёва студентов и молодых ученых, 20–23 мая 2019 г., г. Томск  |f Национальный исследовательский Томский политехнический университет  |v [С. 374-375]  |d 2019 
610 1 |a электронный ресурс 
610 1 |a труды учёных ТПУ 
610 1 |a азотсодержащие соединения 
610 1 |a переработка 
610 1 |a углеводородное сырье 
610 1 |a поверхностно-активные вещества 
610 1 |a нефтепродукты 
610 1 |a дизельные фракции 
700 1 |a Логачева  |b Д. Н. 
701 1 |a Шатова  |b Е. Н. 
701 1 |a Кривцова  |b К. Б.  |c химик  |c инженер Томского политехнического университета  |f 1988-  |g Ксения Борисовна  |2 stltpush  |3 (RuTPU)RU\TPU\pers\39078 
702 1 |a Кривцова  |b К. Б.  |c химик  |c инженер Томского политехнического университета  |f 1988-  |g Ксения Борисовна  |2 stltpush  |4 727 
712 0 2 |a Национальный исследовательский Томский политехнический университет (ТПУ)  |c (2009- )  |2 stltpush  |3 (RuTPU)RU\TPU\col\15902 
801 2 |a RU  |b 63413507  |c 20190807  |g RCR 
856 4 |u http://earchive.tpu.ru/handle/11683/55643 
942 |c BK